000 00749nam a22002175i 4500
001 157913
003 ES-MaACL
005 20230906210913.0
008 040818s1870 fr a |||| | fre d
040 _aCAM
_bspa
_cCAM
080 _a621.1(035)
100 1 _aLockert, Edouard.
_9129027
245 1 3 _aLa vapeur et ses merveilles /
_cpar Edouard Lockert.
260 _aParis :
_bP. Brunet éditeur,
_c1870 (
_eAbbeville :
_fImp. Briez, C. Paillart et Retaux)
300 _a216 p. :
_bil. ;
_c19 cm.
490 1 _aBibliothèque de la science pittoresque
650 4 _aMáquinas de vapor.
_9136563
830 0 _aBibliothèque de la science pittoresque
_9187934
852 _aES-MaACL
_jD-1465.-
_z-- Legado M. de la Fuente
999 _c157913
_d157913